LEADER 01364nam--2200397---450- 001 990000355110203316 035 $a0035511 035 $aUSA010035511 035 $a(ALEPH)000035511USA01 035 $a0035511 100 $a20010309d1981----km-y0itay0103----ba 101 $aeng 102 $aDE 105 $a||||||||001yy 200 1 $aGlobal modelling$eproceedings of the IFIP-WG 7/1 working conference Dubrovnik, Yugoslavia, september 1-5, 1980$fedited by S. Krcevinac 210 $aBerlin$cSpringer Verlag$d1981 215 $aVIII, 232 p.$cgraf.$d24 cm 225 2 $aLecture notes in control and information sciences$v35 410 $12001$aLecture notes in control and information sciences$v35 461 1$1001-------$12001 610 0 $aModelli matematici o fisici$xApplicazioni$xCongressi 610 0 $aCongressi$yDubronik$z1980 676 $a629.8042 702 1$aKRCEVINAC,$bSlobodan 712 02$aInternational Federation for Information Processing 801 0$aIT$bsalbc$gISBD 912 $a990000355110203316 951 $a001.6 LNC 35$b6581$c001.6 LNC$d00105208 959 $aBK 969 $aSCI 979 $aPATTY$b90$c20010309$lUSA01$h1656 979 $aPATTY$b90$c20010309$lUSA01$h1659 979 $c20020403$lUSA01$h1643 979 $aPATRY$b90$c20040406$lUSA01$h1625 996 $aGlobal modelling$9876318 997 $aUNISA LEADER 00993nam a2200277 i 4500 001 991003826189707536 005 20030103110629.0 008 021119s2001 it ||| | ita 020 $a8871792955 035 $ab11869963-39ule_inst 035 $aPRUMB65851$9ExL 040 $aDip.to SSSC$bita 082 0 $a759.5 100 1 $aBarbieri, Giovanni Francesco$071551 245 10$aGuercino :$bracconti di paese :$bil paesaggio e la scena popolare nei luoghi e nell'epoca di Giovanni Francesco Barbieri /$ca cura di Massimo Pulini 260 $aMilano :$bMotta,$c2001 300 $a207 p. :$bill. ;$c28 cm. 500 $aIn custodia 650 4$aGuercino$xPittura 700 1 $aPulini, Massimo 907 $a.b11869963$b21-09-06$c03-01-03 912 $a991003826189707536 945 $aLE021 ARE14$g1$i2021000146930$lle021$o-$pE0.00$q-$rl$s- $t0$u0$v0$w0$x0$y.i1212350x$z03-01-03 996 $aGuercino$9300107 997 $aUNISALENTO 998 $ale021$b01-01-02$cm$da $e-$fita$git $h0$i1